تحميل...
hand book for travellers in India, Pakistan, Burma and Ceylon /
| المؤلف الرئيسي: | |
|---|---|
| اللغة: | Undetermined |
| منشور في: |
1955.
|
| الطبعة: | 17th ed. |
| LEADER | 00438nam a2200133Ia 4500 | ||
|---|---|---|---|
| 001 | 86272 | ||
| 008 | 170722s9999 xx 000 0 und d | ||
| 100 | |a Lothian, Ac | ||
| 245 | |a hand book for travellers in India, Pakistan, Burma and Ceylon / | ||
| 250 | |a 17th ed. | ||
| 260 | |c 1955. | ||
| 942 | |c GEN | ||
| 999 | |c 47675 |d 47675 | ||
| 952 | |0 0 |1 0 |4 0 |6 U_8_000000000000000_2G_J5_CR |7 0 |9 67090 |a LIB |b LIB |d 2017-08-12 |o U8.2g J5 (CR) |p 57929 |r 2017-08-12 |w 2017-08-12 |y GEN | ||